Statistics for Lille Goalkeeper By Year

Click here to take the quiz!

General Stats

  • This quiz has been taken 96 times
    (7 since last reset)
  • The average score is 13 of 59

Answer Stats

SeasonGoalkeeper% Correct
2020-21Mike Maignan
86%
2019-20Mike Maignan
86%
2018-19Mike Maignan
86%
2017-18Mike Maignan
86%
2023-24Lucas Chevalier
43%
2022-23Lucas Chevalier
43%
2011-12Mickaël Landreau
43%
2009-10Mickaël Landreau
43%
2010-11Mickaël Landreau
43%
2012-13Steeve Elana
29%
2014-15Vincent Enyeama
29%
2013-14Vincent Enyeama
29%
2015-16Vincent Enyeama
29%
2016-17Vincent Enyeama
29%
1987-88Bernard Lama
14%
1986-87Bernard Lama
14%
1988-89Bernard Lama
14%
1953-54César Ruminski
14%
1964-65Charles Samoy
14%
1965-66Charles Samoy
14%
1966-67Charles Samoy
14%
1967-68Charles Samoy
14%
1954-55Georges Duffuler
14%
1958-59Georges Duffuler
14%
1952-53Georges Duffuler
14%
1951-52Georges Duffuler
14%
1957-58Georges Duffuler
14%
1950-51Georges Duffuler
14%
2008-09Grégory Malicki
14%
2003-04Grégory Wimbée
14%
2002-03Grégory Wimbée
14%
2001-02Grégory Wimbée
14%
2000-01Grégory Wimbée
14%
2021-22Ivo Grbić
14%
1976-77Jean-Claude Chemier
14%
1993-94Jean-Claude Nadon
14%
1992-93Jean-Claude Nadon
14%
1991-92Jean-Claude Nadon
14%
1990-91Jean-Claude Nadon
14%
1989-90Jean-Claude Nadon
14%
1994-95Jean-Claude Nadon
14%
1995-96Jean-Marie Aubry
14%
1996-97Jean-Marie Aubry
14%
1975-76Jean-Noel Dusé
14%
1974-75Jean-Noel Dusé
14%
1971-72Jean-Noel Dusé
14%
1984-85Jean-Pierre Mottet
14%
1985-86Jean-Pierre Mottet
14%
1983-84Jean-Pierre Mottet
14%
1955-56Jean Van Gool
14%
1982-83Philippe Bergerôo
14%
1978-79Philippe Bergerôo
14%
1979-80Philippe Bergerôo
14%
1980-81Philippe Bergerôo
14%
1981-82Philippe Bergerôo
14%
2004-05Tony Sylva
14%
2005-06Tony Sylva
14%
2006-07Tony Sylva
14%
2007-08Tony Sylva
14%

Score Distribution

Percentile by Number Answered

Percent of People with Each Score

Your Score History

You have not taken this quiz since the last reset